000 00525nam a2200205Ia 4500
999 _c8453
_d8453
003 0100
005 20180308153935.0
008 130303s9999 xx 000 0 und d
020 _a900966726
040 _cARRUPELIB
050 _aDT962.62.M581972
100 _aMlambo, Eshmael Ephial Mtshumayeli
_940426
245 _aRhodesia:
_bthe stuggle for a birthright /
260 _aLondon
_bC. Hurst
_c1972
300 _aix
300 _b 333p. 22cm.
650 _aRhodesia, Southern
_xRace question
_929943
650 _aUnited Nations
_zRhodesia, Southern
_940427
650 _aRhodesia, Southern
_xPolitics
_926431
700 _aEshmael Ephial Mtshumayeli Mlambo
_940428
942 _2lcc
_cMONOGRAPH